MARC details
| 000 -CABECERA |
| campo de control de longitud fija |
01578nam a2200313 i 4500 |
| 001 - NÚMERO DE CONTROL |
| campo de control |
991061720863006706 |
| 003 - IDENTIFICADOR DEL NÚMERO DE CONTROL |
| campo de control |
ES-BaIT |
| 005 - FECHA Y HORA DE LA ÚLTIMA TRANSACCIÓN |
| campo de control |
20260226101140.0 |
| 008 - DATOS DE LONGITUD FIJA--INFORMACIÓN GENERAL |
| campo de control de longitud fija |
260226e202501 fr r 000 d fre c |
| 020 ## - NÚMERO INTERNACIONAL ESTÁNDAR DEL LIBRO |
| Número Internacional Estándar del Libro |
9782749816524 |
| 040 ## - FUENTE DE LA CATALOGACIÓN |
| Centro catalogador/agencia de origen |
ES-BaIT |
| Lengua de catalogación |
cat |
| Normas de descripción |
rda |
| Centro/agencia transcriptor |
ES-BaIT |
| 080 ## - NÚMERO DE LA CLASIFICACIÓN DECIMAL UNIVERSAL |
| Número de la Clasificación Decimal Universal |
840-2"19" |
| 100 1# - ENTRADA PRINCIPAL--NOMBRE DE PERSONA |
| Nombre de persona |
Le Nouvel, Isabelle |
| Término indicativo de función/relación |
autor |
| 9 (RLIN) |
168717 |
| 245 10 - MENCIÓN DE TÍTULO |
| Título |
Mélancolie de la gloire / |
| Mención de responsabilidad, etc. |
Isabelle Le Nouvel |
| 264 #1 - PRODUCCIÓN, PUBLICACIÓN, DISTRIBUCIÓN, FABRICACIÓN Y COPYRIGHT |
| Producción, publicación, distribución, fabricación y copyright |
Paris : |
| Nombre del de productor, editor, distribuidor, fabricante |
L'avant-scène théâtre, |
| Fecha de producción, publicación, distribución, fabricación o copyright |
janvier 2025 |
| 300 ## - DESCRIPCIÓN FÍSICA |
| Extensión |
78 pàgines ; |
| Dimensiones |
21 cm |
| 336 ## - TIPO DE CONTENIDO |
| Término de tipo de contenido |
text |
| Código de tipo de contenido |
txt |
| Fuente |
rdacontent |
| 337 ## - TIPO DE MEDIO |
| Nombre/término del tipo de medio |
sense mediació |
| Código del tipo de medio |
n |
| Fuente |
rdamedia |
| 338 ## - TIPO DE SOPORTE |
| Nombre/término del tipo de soporte |
volum |
| Código del tipo de soporte |
nc |
| Fuente |
rdacarrier |
| 490 1# - MENCIÓN DE SERIE |
| Mención de serie |
L'Avant-scène théatre ; |
| Designación de volumen o secuencia |
no 1576 |
| 500 ## - NOTA GENERAL |
| Nota general |
P3: D2, H1 |
| 500 ## - NOTA GENERAL |
| Nota general |
Publicat com no 1542 (janvier 2025) de la revista L'Avant-scène théâtre |
| 520 ## - SUMARIO, ETC. |
| Sumario, etc. |
"Francis, célèbre écrivain et opposant au régime de son pays, a été arrêté, emprisonné et isolé du monde dans un lieu secret. Privé de tout repère, son esprit commence à vaciller, surtout face aux visites répétées de Véronique, chargée de le faire renoncer à ses convictions. Le bras de fer engagé par le prisonnier avec sa visiteuse risque de la conduire à sa perte, mais peut-être pas de la manière dont il l'avait envisagé... Un face-à-face saisissant, aux tonalités dystopiques qui interrogent sur l'artiste, la création, la liberté"-- Contracoberta |
| 650 #0 - PUNTO DE ACCESO ADICIONAL DE MATERIA--TÉRMINO DE MATERIA |
| Término de materia o nombre geográfico como elemento de entrada |
Presos polítics |
| Subdivisión de forma |
Textos dramàtics |
| 9 (RLIN) |
168718 |
| 830 ## - PUNTO DE ACCESO ADICIONAL DE SERIE-TÍTULO UNIFORME |
| Título uniforme |
Avant-scène. |
| Nombre de parte o sección de la obra |
Théâtre |
| Designación de volumen o secuencia |
no 1576 |
| 9 (RLIN) |
168170 |
| 908 ## - COLOCAR PARÁMETRO DE COMANDO (RLIN) |
| Colocar parámetro de comando |
CDMAE |
| 940 ## - EQUIVALENCIA O REFERENCIA-CRUZADA--TÍTULO UNIFORME [OBSOLETO] [solamente CAN/MARC] |
| Título uniforme |
<a href="CDMAE">CDMAE</a> |
| 942 ## - ELEMENTOS DE ENTRADA AGREGADA (KOHA) |
| Fuente del sistema de clasificación o colocación |
Clasificación decimal universal |
| Tipo de ítem Koha |
Llibre |